[Event "Brasiliense-ch 47th"]
[Site "Brasilia"]
[Date "2007.10.24"]
[Round "3.3"]
[White "Andrade, Waldemiro"]
[Black "Nascimento, Davi da Silva"]
[Result "1/2-1/2"]
[WhiteElo "2130"]
[BlackElo "2171"]
[PlyCount "41"]
[EventDate "2007.10.24"]
[EventType "swiss"]
[EventRounds "7"]
[EventCountry "BRA"]
[SourceTitle "EXT 2022"]
[Source "ChessBase"]
[SourceDate "2021.10.06"]
[SourceVersion "1"]
[SourceVersionDate "2021.10.06"]
[SourceQuality "1"]

1. e4 Nc6 2. Nf3 d6 3. h3 Nf6 4. Nc3 e5 5. d4 Be7 6. Bb5 Bd7 7. 0-0 a6 8. Bxc6 Bxc6 9. dxe5 dxe5 10. Nxe5 Qxd1 11. Rxd1 Bxe4 12. Nxe4 Nxe4 13. Re1 Nd6 14. Nd3 Kf8 15. Bf4 g5 16. Bh2 Bf6 17. Be5 Bxe5 18. Rxe5 f6 19. Re6 Kf7 20. Rae1 Rhe8 21. Rxe8 1/2-1/2

[Event "Brasiliense-ch 47th"]
[Site "Brasilia"]
[Date "2007.10.24"]
[Round "1.3"]
[White "Andrade, Waldemiro"]
[Black "Rocha, Tarciso"]
[Result "1/2-1/2"]
[WhiteElo "2171"]
[BlackElo "1959"]
[PlyCount "107"]
[EventDate "2007.10.24"]
[EventType "swiss"]
[EventRounds "7"]
[EventCountry "BRA"]
[SourceTitle "EXT 2022"]
[Source "ChessBase"]
[SourceDate "2021.10.06"]
[SourceVersion "1"]
[SourceVersionDate "2021.10.06"]
[SourceQuality "1"]

1. e4 c5 2. c3 d5 3. exd5 Qxd5 4. d4 e6 5. Nf3 Nc6 6. Be2 Nf6 7. 0-0 cxd4 8. cxd4 Be7 9. Nc3 Qd8 10. Be3 0-0 11. Ne5 Nd5 12. Nxd5 exd5 13. Nxc6 bxc6 14. Rc1 Bb7 15. Bd3 f5 16. Bf4 Bg5 17. Qd2 Bxf4 18. Qxf4 Qf6 19. Rfe1 g6 20. Re5 Rfe8 21. Rce1 Rxe5 22. Rxe5 Rf8 23. h4 a5 24. h5 Bc8 25. hxg6 hxg6 26. Qd2 Qh4 27. Bf1 Bd7 28. g3 Qd8 29. f4 Qb6 30. Qc3 Qb4 31. Qxb4 axb4 32. Re7 Rf7 33. Re3 Rf8 34. Bd3 Kf7 35. Kf2 Rh8 36. Bf1 Ra8 37. a3 bxa3 38. bxa3 Ra4 39. Rd3 Ke7 40. Ke3 Kd6 41. Rc3 Bc8 42. Bd3 Ra7 43. Bc2 Ba6 44. a4 Bc4 45. Kd2 c5 46. dxc5+ Kxc5 47. g4 fxg4 48. Rg3 Re7 49. Rxg4 Re2+ 50. Kc1 Rf2 51. Bxg6 Kb4 52. Bc2 d4 53. Rg3 Rxf4 54. Bd3 1/2-1/2

[Event "Brasilia Taca CC XI"]
[Site "Brasilia"]
[Date "2007.08.11"]
[Round "9.6"]
[White "Andrade, Waldemiro"]
[Black "Barbosa, Evandro Amorim"]
[Result "0-1"]
[WhiteElo "2202"]
[BlackElo "2116"]
[PlyCount "70"]
[EventDate "2007.08.05"]
[EventType "swiss"]
[EventRounds "10"]
[EventCountry "BRA"]
[SourceTitle "EXT 2022"]
[Source "ChessBase"]
[SourceDate "2021.10.06"]
[SourceVersion "1"]
[SourceVersionDate "2021.10.06"]
[SourceQuality "1"]

1. e4 c5 2. c3 Nf6 3. e5 Nd5 4. g3 d6 5. exd6 e6 6. Bg2 Bxd6 7. Nf3 Nc6 8. 0-0 0-0 9. d4 cxd4 10. Nxd4 Nxd4 11. Qxd4 Qc7 12. Nd2 Bd7 13. Ne4 Be5 14. Qd3 Rad8 15. Re1 h6 16. Qe2 Bc6 17. Bd2 Qb6 18. c4 Nf6 19. Bc3 Nxe4 20. Bxe5 Nxf2 21. Qxf2 Qxf2+ 22. Kxf2 Rd2+ 23. Re2 Rxe2+ 24. Kxe2 Bxg2 25. Rd1 Bc6 26. Bc7 f6 27. Rd8 Rxd8 28. Bxd8 Kf7 29. Ke3 e5 30. b3 a6 31. Bb6 f5 32. Bc5 g5 33. Bd6 f4+ 34. gxf4 gxf4+ 35. Kf2 Kf6 0-1

[Event "Brasilia Taca CC XI"]
[Site "Brasilia"]
[Date "2007.08.07"]
[Round "4.3"]
[White "Barreto Filho, Carlos Alberto"]
[Black "Andrade, Waldemiro"]
[Result "1-0"]
[WhiteElo "2229"]
[BlackElo "2202"]
[PlyCount "81"]
[EventDate "2007.08.05"]
[EventType "swiss"]
[EventRounds "10"]
[EventCountry "BRA"]
[SourceTitle "EXT 2022"]
[Source "ChessBase"]
[SourceDate "2021.10.06"]
[SourceVersion "1"]
[SourceVersionDate "2021.10.06"]
[SourceQuality "1"]

1. e4 c5 2. Nf3 a6 3. Nc3 b5 4. d4 b4 5. Na4 cxd4 6. Qxd4 Nc6 7. Qb6 Rb8 8. Qxd8+ Nxd8 9. Bf4 d6 10. e5 Ne6 11. Be3 Bb7 12. 0-0-0 Nh6 13. exd6 exd6 14. Bc4 Nf5 15. Rhe1 Be7 16. Ba7 Ra8 17. Nd4 Nexd4 18. Bxd4 0-0 19. Nb6 Rad8 20. Bd5 Bg5+ 21. Kb1 Bxd5 22. Nxd5 Nxd4 23. Rxd4 Rfe8 24. Rde4 Rxe4 25. Rxe4 a5 26. f4 Bf6 27. Kc1 Kf8 28. Nxf6 gxf6 29. Kd2 Rc8 30. Rd4 Ke7 31. Rd5 Rc5 32. Rxc5 dxc5 33. Kd3 Kd6 34. Kc4 Kc6 35. f5 h5 36. g3 Kb6 37. Kd5 Kb5 38. b3 Kb6 39. Kd6 a4 40. bxa4 c4 41. Kd5 1-0

[Event "Brasiliense-ch 46th"]
[Site "Brasilia"]
[Date "2006.12.18"]
[Round "6"]
[White "Shumyatsky, Victor"]
[Black "Andrade, Waldemiro"]
[Result "1/2-1/2"]
[WhiteElo "2075"]
[BlackElo "2196"]
[PlyCount "53"]
[EventDate "2006.12.04"]
[EventType "swiss"]
[EventRounds "10"]
[EventCountry "BRA"]
[SourceTitle "EXT 2022"]
[Source "ChessBase"]
[SourceDate "2021.10.06"]
[SourceVersion "1"]
[SourceVersionDate "2021.10.06"]
[SourceQuality "1"]

1. e4 e5 2. Nf3 Qe7 3. Bc4 g6 4. 0-0 Bg7 5. d4 d6 6. Nc3 c6 7. a4 Nf6 8. dxe5 dxe5 9. b3 Nbd7 10. Ba3 Nc5 11. Qe2 0-0 12. a5 Bg4 13. Na4 b6 14. axb6 axb6 15. Nxb6 Rxa3 16. Rxa3 Ncxe4 17. Rfa1 Ng5 18. Ra7 Qb4 19. Qe3 Bxf3 20. R7a4 Qd6 21. Qxg5 Be4 22. Ra8 Bxc2 23. Rxf8+ Bxf8 24. Qc1 Qd4 25. Ra8 Bf5 26. Nc8 Kg7 27. Qe3 1/2-1/2

[Event "Brasiliense-ch 46th"]
[Site "Brasilia"]
[Date "2006.12.07"]
[Round "3"]
[White "Coutinho, Sidnei Bissacot"]
[Black "Andrade, Waldemiro"]
[Result "0-1"]
[WhiteElo "2173"]
[BlackElo "2196"]
[PlyCount "100"]
[EventDate "2006.12.04"]
[EventType "swiss"]
[EventRounds "10"]
[EventCountry "BRA"]
[SourceTitle "EXT 2022"]
[Source "ChessBase"]
[SourceDate "2021.10.06"]
[SourceVersion "1"]
[SourceVersionDate "2021.10.06"]
[SourceQuality "1"]

1. Nf3 Nf6 2. c4 c5 3. d4 cxd4 4. Nxd4 d5 5. e3 e5 6. Nb3 Nc6 7. Be2 Be7 8. Nc3 Be6 9. cxd5 Nxd5 10. Bd2 0-0 11. 0-0 Nxc3 12. Bxc3 Qb6 13. Bd3 Rfd8 14. Qe2 Rac8 15. Kh1 Nb4 16. Bb1 Bf6 17. Qf3 Bd5 18. Qg4 Rc4 19. Qg3 h5 20. h3 h4 21. Qh2 e4 22. Nd4 Nc6 23. Rd1 Nxd4 24. exd4 Rxc3 25. bxc3 Qb2 26. Bxe4 Bxe4 27. Qf4 Bd5 28. Qd2 Qxd2 29. Rxd2 Rc8 30. Rd3 a6 31. a3 Re8 32. Re3 Rxe3 33. fxe3 Bg5 34. Re1 f5 35. Kg1 b5 36. Kf2 a5 37. g4 hxg3+ 38. Kxg3 a4 39. h4 Be7 40. Ra1 Bd6+ 41. Kf2 Kf7 42. Ke2 Kg6 43. Rg1+ Kh6 44. h5 Bxa3 45. Rg6+ Kxh5 46. Rxg7 Bb2 47. Kd2 Bb3 48. d5 Bxd5 49. Kc2 Ba3 50. Kb1 Bc4 0-1

[Event "Brasiliense-ch 46th"]
[Site "Brasilia"]
[Date "2006.12.05"]
[Round "2"]
[White "Andrade, Waldemiro"]
[Black "Andrade, Felipe"]
[Result "1/2-1/2"]
[WhiteElo "2196"]
[BlackElo "1950"]
[PlyCount "21"]
[EventDate "2006.12.04"]
[EventType "swiss"]
[EventRounds "10"]
[EventCountry "BRA"]
[SourceTitle "EXT 2022"]
[Source "ChessBase"]
[SourceDate "2021.10.06"]
[SourceVersion "1"]
[SourceVersionDate "2021.10.06"]
[SourceQuality "1"]

1. e4 e6 2. d4 d5 3. exd5 exd5 4. Nf3 Nf6 5. Bd3 Bd6 6. 0-0 0-0 7. Re1 Bg4 8. Nbd2 Nbd7 9. Nf1 c6 10. Ng3 Qc7 11. h3 1/2-1/2

[Event "Brasiliense-ch 45th"]
[Site "Brasilia"]
[Date "2005.11.??"]
[Round "7"]
[White "Andrade, Waldemiro"]
[Black "Reis, Ernesto Guevara"]
[Result "1-0"]
[WhiteElo "2185"]
[BlackElo "2008"]
[PlyCount "67"]
[EventDate "2005.11.??"]
[EventType "swiss"]
[EventRounds "7"]
[EventCountry "BRA"]
[SourceTitle "EXT 2022"]
[Source "ChessBase"]
[SourceDate "2021.10.06"]
[SourceVersion "1"]
[SourceVersionDate "2021.10.06"]
[SourceQuality "1"]

1. e4 c5 2. c3 d6 3. d4 cxd4 4. cxd4 Nc6 5. Nf3 Nf6 6. Nc3 Bg4 7. d5 Bxf3 8. Qxf3 Ne5 9. Bb5+ Nfd7 10. Qe2 a6 11. Bxd7+ Qxd7 12. f4 Ng4 13. h3 Nh6 14. Be3 g6 15. Bd4 f6 16. g4 Bg7 17. 0-0-0 0-0 18. Kb1 b5 19. Qd3 b4 20. Ne2 Rfb8 21. Be3 Nf7 22. Nd4 Nd8 23. Rdg1 e5 24. dxe6 Nxe6 25. Qb3 d5 26. Rd1 a5 27. f5 Nc7 28. Bf4 a4 29. Qg3 Rb7 30. Bxc7 Rxc7 31. Ne6 Rb7 32. Rxd5 Qe7 33. Rhd1 b3 34. a3 1-0

[Event "Brasiliense-ch 45th"]
[Site "Brasilia"]
[Date "2005.11.??"]
[Round "4"]
[White "Nascimento, Davi da Silva"]
[Black "Andrade, Waldemiro"]
[Result "1/2-1/2"]
[WhiteElo "2153"]
[BlackElo "2185"]
[PlyCount "134"]
[EventDate "2005.11.??"]
[EventType "swiss"]
[EventRounds "7"]
[EventCountry "BRA"]
[SourceTitle "EXT 2022"]
[Source "ChessBase"]
[SourceDate "2021.10.06"]
[SourceVersion "1"]
[SourceVersionDate "2021.10.06"]
[SourceQuality "1"]

1. d4 Nf6 2. Nf3 c5 3. e3 b6 4. c4 e6 5. Nc3 cxd4 6. exd4 Bb4 7. Bd3 h6 8. 0-0 0-0 9. a3 Bxc3 10. bxc3 Bb7 11. Ne5 d6 12. Ng4 Nbd7 13. Re1 Nxg4 14. Qxg4 Nf6 15. Qh4 Nh7 16. Qg3 Kh8 17. Bf4 d5 18. c5 bxc5 19. Bd6 Re8 20. Bxc5 Nf6 21. f3 Bc6 22. Rab1 Qd7 23. Qd6 Qxd6 24. Bxd6 Nd7 25. Bb5 Bxb5 26. Rxb5 Nb6 27. Reb1 Rec8 28. R1b3 Rc6 29. Bc5 Rac8 30. Kf2 Na4 31. Ra5 Nxc5 32. dxc5 R8c7 33. Rbb5 a6 34. Rb8+ Kh7 35. h4 Kg6 36. Ke3 Rxc5 37. Rxc5 Rxc5 38. Kd3 Rc4 39. Rb4 Rxb4 40. axb4 Kf5 41. Kd4 Kf4 42. Kc5 Ke3 43. Kb6 Kd3 44. Kxa6 Kxc3 45. b5 d4 46. b6 d3 47. b7 d2 48. b8Q d1Q 49. Qe5+ Kd3 50. Qd6+ Ke2 51. Qe5+ Kf2 52. Qxg7 Qf1+ 53. Kb6 Qxg2 54. Qxf7 Qxf3 55. Qxe6 Qe3+ 56. Qxe3+ Kxe3 57. h5 Kf4 58. Kc5 Kg5 59. Kd4 Kxh5 60. Ke3 Kg4 61. Kf2 Kh3 62. Kg1 h5 63. Kh1 h4 64. Kg1 Kg3 65. Kh1 h3 66. Kg1 h2+ 67. Kh1 Kh3 1/2-1/2

[Event "Brasilia Taca op 9th"]
[Site "Brasilia"]
[Date "2005.09.06"]
[Round "3"]
[White "Andrade, Waldemiro"]
[Black "Rocha, Tarciso"]
[Result "1-0"]
[WhiteElo "2185"]
[BlackElo "1954"]
[PlyCount "145"]
[EventDate "2005.09.04"]
[EventType "swiss"]
[EventRounds "11"]
[EventCountry "BRA"]
[SourceTitle "CBM 108 Extra"]
[Source "ChessBase"]
[SourceDate "2005.11.04"]
[SourceVersion "1"]
[SourceVersionDate "2005.11.04"]
[SourceQuality "1"]

1. e4 c5 2. c3 d5 3. exd5 Qxd5 4. d4 Nf6 5. Nf3 Bg4 6. Be2 e6 7. 0-0 Nc6 8. h3 Bh5 9. Na3 cxd4 10. Nb5 Qd8 11. Nfxd4 Nxd4 12. Nxd4 Bxe2 13. Qxe2 Be7 14. Rd1 Qb6 15. Bg5 0-0 16. Rd3 Rad8 17. Rg3 Rd5 18. Re1 Kh8 19. Nb3 Qc7 20. c4 Rd7 21. Rf3 Rfd8 22. Qc2 b6 23. Bf4 Bd6 24. Bxd6 Rxd6 25. Rc3 Rc6 26. Rd1 Rxd1+ 27. Qxd1 h6 28. Qe2 Qf4 29. Nd2 Rd6 30. Rd3 Rxd3 31. Qxd3 Qe5 32. b3 Qa1+ 33. Qb1 Qe5 34. Nf3 Qe2 35. Nd4 Qd2 36. Nb5 a5 37. Na3 e5 38. Qc2 Qe1+ 39. Kh2 Ne4 40. Nb5 Nxf2 41. Nd6 e4 42. Nxf7+ Kg8 43. Ne5 Qe3 44. Ng6 Nd3 45. Ne7+ Kf7 46. Nd5 Qg5 47. Qe2 Qe5+ 48. g3 h5 49. h4 g6 50. Nxb6 Qd4 51. Nd5 Ne5 52. Kg2 Nf3 53. Qf2 Qe5 54. Qa7+ Kf8 55. Qc5+ Kg8 56. Qc8+ Kf7 57. Qc7+ Qxc7 58. Nxc7 Ne1+ 59. Kf2 Nd3+ 60. Ke3 Nc1 61. Kxe4 Nxa2 62. Nb5 Ke6 63. c5 Nb4 64. Nd4+ Kd7 65. Ke5 Nd3+ 66. Kf6 Nxc5 67. Kxg6 Kd6 68. Kxh5 Kd5 69. Nc2 Nxb3 70. Kg6 Nc5 71. h5 Ke5 72. h6 Ne4 73. h7 1-0

[Event "Brasiliense-ch 44th"]
[Site "Brasilia"]
[Date "2004.11.??"]
[Round "2"]
[White "Andrade, Waldemiro"]
[Black "Wolff, Carlos Alberto"]
[Result "1-0"]
[WhiteElo "2172"]
[BlackElo "2088"]
[PlyCount "67"]
[EventDate "2004.11.??"]
[EventType "swiss"]
[EventRounds "7"]
[EventCountry "BRA"]
[SourceTitle "EXT 2022"]
[Source "ChessBase"]
[SourceDate "2021.10.06"]
[SourceVersion "1"]
[SourceVersionDate "2021.10.06"]
[SourceQuality "1"]

1. c4 e5 2. Nc3 f5 3. Nf3 d6 4. d4 e4 5. Ng5 Be7 6. h4 h6 7. Nh3 Be6 8. Nf4 Bf7 9. h5 Nf6 10. e3 Nbd7 11. Be2 Nf8 12. d5 Qd7 13. b3 0-0-0 14. Qc2 Kb8 15. Nb5 b6 16. Qd2 a6 17. Nd4 Kb7 18. a4 Ng4 19. Bxg4 fxg4 20. a5 Bf6 21. axb6 cxb6 22. Bb2 Ra8 23. Nc6 Nh7 24. b4 Rhf8 25. 0-0 Ng5 26. Bxf6 gxf6 27. Kh2 Rg8 28. Qb2 Qf5 29. Ne7 Qe5 30. Qxe5 fxe5 31. Nxg8 Rxg8 32. Ng6 Bxg6 33. hxg6 Rxg6 34. Kg3 1-0

[Event "Brazilian op"]
[Site "Minoxel"]
[Date "2004.01.10"]
[Round "5"]
[White "Ramos, Angelo Bil"]
[Black "Andrade, Waldemiro"]
[Result "1/2-1/2"]
[WhiteElo "2075"]
[BlackElo "2185"]
[PlyCount "59"]
[EventDate "2004.01.08"]
[EventType "swiss"]
[EventRounds "6"]
[EventCountry "BRA"]
[SourceTitle "CBM 098 Extra"]
[Source "ChessBase"]
[SourceDate "2004.03.10"]
[SourceVersion "2"]
[SourceVersionDate "2004.03.10"]
[SourceQuality "1"]

1. e4 Nf6 2. e5 Nd5 3. d4 d6 4. c4 Nb6 5. exd6 exd6 6. Nc3 Be7 7. Be3 Nc6 8. b3 Bf5 9. Bd3 Qd7 10. Nf3 0-0 11. 0-0 Rfe8 12. Bxf5 Qxf5 13. Qd2 Bf6 14. Rad1 h6 15. h3 Re7 16. Ne2 Rae8 17. Ng3 Qg6 18. Rfe1 d5 19. c5 Nd7 20. Ne2 Nf8 21. Nf4 Qf5 22. Ne2 Ne6 23. b4 Ng5 24. Nxg5 Bxg5 25. Ng3 Qg6 26. Bxg5 Qxg5 27. Rxe7 Rxe7 28. Qxg5 hxg5 29. a3 g6 30. Kf1 1/2-1/2

[Event "Brasil SB-ch fin 43rd"]
[Site "Brasilia"]
[Date "2003.11.16"]
[Round "6"]
[White "Catta Preta, Daniel Martins"]
[Black "Andrade, Waldemiro"]
[Result "1/2-1/2"]
[WhiteElo "2134"]
[BlackElo "2165"]
[PlyCount "41"]
[EventDate "2003.11.13"]
[EventType "swiss"]
[EventRounds "7"]
[EventCountry "BRA"]
[SourceTitle "EXT 2005"]
[Source "ChessBase"]
[SourceDate "2004.11.15"]
[SourceVersion "1"]
[SourceVersionDate "2004.11.15"]
[SourceQuality "1"]

1. Nf3 Nf6 2. c4 e6 3. d4 Bb4+ 4. Bd2 Qe7 5. e3 0-0 6. Bd3 Bxd2+ 7. Qxd2 a5 8. 0-0 d6 9. Nc3 Nc6 10. a3 e5 11. Qc2 h6 12. Rab1 Bg4 13. dxe5 dxe5 14. Nd2 Rfd8 15. Nde4 Nxe4 16. Bxe4 Be6 17. Bd5 Rd7 18. Bxe6 Qxe6 19. Ne4 Qe7 20. Rfd1 Rad8 21. Rxd7 1/2-1/2

[Event "Brasilia Taca BCX 7th"]
[Site "Brasilia"]
[Date "2003.10.29"]
[Round "12"]
[White "Andrade, Waldemiro"]
[Black "Damasceno, Marlos de Almedia"]
[Result "1-0"]
[WhiteElo "2163"]
[BlackElo "2176"]
[PlyCount "39"]
[EventDate "2003.10.19"]
[EventType "tourn"]
[EventRounds "13"]
[EventCountry "BRA"]
[SourceTitle "EXT 2004"]
[Source "ChessBase"]
[SourceDate "2003.11.25"]
[SourceVersion "1"]
[SourceVersionDate "2003.11.25"]
[SourceQuality "1"]

1. e4 Nc6 2. Nf3 d5 3. exd5 Qxd5 4. Nc3 Qa5 5. Bb5 Bd7 6. d4 a6 7. Bxc6 Bxc6 8. 0-0 f6 9. Qe2 0-0-0 10. Rd1 Qh5 11. d5 Be8 12. Bf4 g5 13. Bg3 Kb8 14. Qc4 Rc8 15. Nd4 Bd7 16. Ne4 Qe8 17. a4 h5 18. Nc5 h4 19. Qb4 b5 20. axb5 1-0

[Event "Brasilia Taca BCX 7th"]
[Site "Brasilia"]
[Date "2003.10.27"]
[Round "10"]
[White "Andrade, Waldemiro"]
[Black "Nascimento, Davi da Silva"]
[Result "1/2-1/2"]
[WhiteElo "2163"]
[BlackElo "2140"]
[PlyCount "20"]
[EventDate "2003.10.19"]
[EventType "tourn"]
[EventRounds "13"]
[EventCountry "BRA"]
[SourceTitle "EXT 2004"]
[Source "ChessBase"]
[SourceDate "2003.11.25"]
[SourceVersion "1"]
[SourceVersionDate "2003.11.25"]
[SourceQuality "1"]

1. e4 c5 2. c3 d6 3. d4 cxd4 4. cxd4 Nf6 5. Nc3 a6 6. Bg5 e6 7. Bd3 Be7 8. Nf3 0-0 9. 0-0 Nc6 10. Rc1 e5 1/2-1/2

[Event "Brasiliense-ch fin 42nd"]
[Site "Brasilia"]
[Date "2002.11.06"]
[Round "3"]
[White "Lucena, Lincoln"]
[Black "Andrade, Waldemiro"]
[Result "1-0"]
[WhiteElo "2204"]
[BlackElo "2175"]
[PlyCount "97"]
[EventDate "2002.10.20"]
[EventType "swiss"]
[EventRounds "9"]
[EventCountry "BRA"]
[SourceTitle "CBM 091 Extra"]
[Source "ChessBase"]
[SourceDate "2003.01.09"]
[SourceVersion "1"]
[SourceVersionDate "2003.01.09"]
[SourceQuality "1"]

1. c4 Nf6 2. Nc3 c5 3. Nf3 d5 4. cxd5 Nxd5 5. g3 g6 6. Bg2 Bg7 7. 0-0 0-0 8. Nxd5 Qxd5 9. d3 Qd6 10. Nd2 Na6 11. Nc4 Qc7 12. a3 Rb8 13. Bf4 e5 14. Bd2 Be6 15. Qc2 Rbc8 16. Rac1 Qd7 17. Bc3 f6 18. Rfd1 Rfd8 19. Ne3 Qf7 20. Nc4 Bh6 21. Bd2 Bxd2 22. Rxd2 Nb8 23. Qa4 b6 24. h4 Qd7 25. Qxd7 Rxd7 26. Ne3 Nc6 27. Bxc6 Rxc6 28. b4 Rdc7 29. Rdc2 Kf7 30. f4 Ke7 31. fxe5 fxe5 32. bxc5 Rxc5 33. Rxc5 Rxc5 34. Rxc5 bxc5 35. Kf2 e4 36. dxe4 Kd6 37. Nd1 Ke5 38. Ke3 c4 39. Nc3 a6 40. Na4 Bg4 41. Nb2 Be6 42. Nd1 Bd7 43. Nf2 h5 44. Nd1 Bc6 45. Nb2 Bxe4 46. Nxc4+ Kd5 47. Nb6+ Ke5 48. Nd7+ Kf5 49. Nc5 1-0

[Event "Brasilia BCX op 6th"]
[Site "Brasilia"]
[Date "2002.08.29"]
[Round "7"]
[White "Andrade, Waldemiro"]
[Black "Matsuura, Everaldo"]
[Result "0-1"]
[WhiteElo "2175"]
[BlackElo "2450"]
[PlyCount "72"]
[EventDate "2002.08.25"]
[EventType "swiss"]
[EventRounds "11"]
[EventCountry "BRA"]
[SourceTitle "CBM 089 Extra"]
[Source "ChessBase"]
[SourceDate "2002.09.10"]
[SourceVersion "2"]
[SourceVersionDate "2002.09.10"]
[SourceQuality "1"]

1. e4 d5 2. exd5 Nf6 3. d4 Nxd5 4. Nf3 g6 5. Be2 Bg7 6. 0-0 0-0 7. c4 Nb6 8. Nc3 Nc6 9. Be3 Bg4 10. c5 Nd5 11. Qb3 Nxe3 12. fxe3 Bh6 13. Ne4 Be6 14. Qc3 Bg7 15. Neg5 Bf5 16. Qb3 e6 17. Qxb7 Ne7 18. Nxf7 Rxf7 19. Ng5 Rf8 20. g4 Nd5 21. Rxf5 exf5 22. Ne6 Qd7 23. Nxf8 Rxf8 24. Bc4 Rd8 25. gxf5 gxf5 26. Qxa7 f4 27. Bxd5+ Qxd5 28. Qxc7 fxe3 29. Qg3 e2 30. Re1 Re8 31. c6 Kh8 32. Qg2 Qxd4+ 33. Kh1 Qd2 34. Qg3 Be5 35. Qf2 Bd4 36. Qh4 Bxb2 0-1

[Event "Brasilia BCX op 6th"]
[Site "Brasilia"]
[Date "2002.08.28"]
[Round "5"]
[White "Andrade, Waldemiro"]
[Black "Cubas, Jose Fernando"]
[Result "0-1"]
[WhiteElo "2175"]
[BlackElo "2370"]
[PlyCount "94"]
[EventDate "2002.08.25"]
[EventType "swiss"]
[EventRounds "11"]
[EventCountry "BRA"]
[SourceTitle "CBM 089 Extra"]
[Source "ChessBase"]
[SourceDate "2002.09.10"]
[SourceVersion "2"]
[SourceVersionDate "2002.09.10"]
[SourceQuality "1"]

1. e4 d5 2. exd5 Nf6 3. Bb5+ Bd7 4. Bc4 b5 5. Bb3 a5 6. a4 bxa4 7. Bc4 g6 8. Nc3 Bg7 9. Nf3 0-0 10. 0-0 Na6 11. Ne5 Nb4 12. Re1 Be8 13. Nxa4 Nfxd5 14. c3 Nc6 15. Nxc6 Bxc6 16. d4 Re8 17. Qf3 e5 18. dxe5 Bxe5 19. g3 Qf6 20. Qxf6 Bxf6 21. Bd2 Red8 22. Bh6 Rab8 23. Rad1 Nb6 24. Rxd8+ Rxd8 25. Nxb6 cxb6 26. h4 b5 27. Bf1 Rc8 28. Bg5 Bg7 29. Rd1 a4 30. Rd8+ Rxd8 31. Bxd8 b4 32. cxb4 Bxb2 33. b5 Bd5 34. Bg2 Bxg2 35. Kxg2 a3 36. b6 a2 37. Bc7 Bd4 38. b7 Ba7 39. Be5 Kf8 40. Kf3 Ke7 41. Ke4 Kd7 42. Kd5 Bb8 43. Bf6 h5 44. Bc3 Kc7 45. Ke5 Kxb7+ 46. Kf6 Kc6 47. Kxf7 Kd5 0-1